Geometry Dash Every Upcoming Top 1 - Statistics

General Stats
  • This quiz has been taken 180 times
  • The average score is 11 of 38
Answer Stats
Hint Answer % Correct
Ruined city themed level Heliopolis
95%
Most likely upcoming top 1 Grief
94%
Sequel to Kocmoc Kocmoc Unleashed
94%
Sequel to Tidal Wave Tsunami
77%
3rd level in the trilogy of Tartarus and Acheron Aeternus
73%
Sequel to Sweeping Demon Sweeping Demon II
72%
Black colored level showing true silence Silent
69%
Bright and flashy level Angelicide
61%
The true limit? The Human Limit
60%
3rd level of the sakupen trilogy of Sakupen Hell and Sakupen Circles Sakupen End
56%
Terraria themed level Vehemence
50%
Black and white noise pollution level Exasperation
35%
Night Castle themed level Silent Acropolis
33%
Another Clubstep level using piano cover Silent Clubstep II
32%
Mega nerfed impossible level famous for its 15cps spam at the end Silent Circles
29%
Greek ruins themed level Ascension to Heaven
27%
Hell themed level using the song Fairydust Fairy Knife Hell
27%
Blue themed nine circles level Azure Flare
26%
Orange light themed level Orochi
14%
This level uses the song Theory of Everything Banshee
12%
The 7 Deadly Sins Level Wrath
7%
Underworld Castle themed level Adramelech
4%
Purple themed level Kingdom of Miracalis
4%
Black and White, Flashy, 3d animations level Nebulabrasque
4%
Lava themed level Furioso
2%
Another Hell themed level with 3x6 Unnamed 666
2%
Soaring through the skies, Literally Yggdrasil
2%
Very white colored level Agony
1%
Very dark themed level Disturb
1%
Aurora Borealis colored level Eternal Nights
1%
Very purple and yellow color themed level Fallen Symphony
1%
Rainbow blocks in a black atmosphere, Believe Scattered Faith
1%
Limited vision red themed level Starfall
1%
Wave based Hell themed level Vivisect
1%
Red and purple themed level Waru
1%
Bricky hell themed level Eviscerate
0%
Flames in a red gas atmosphere level Scarlet Sirius
0%
So many colors and very flashy Vyolent
0%
No matching quizzes found
Score Distribution
Percent of People with Each Score
Percentile by Number Answered
Your Score History
You have not taken this quiz